[Event "GER North-chT U16"]
[Site "Magdeburg"]
[Date "2006.08.27"]
[Round "3.2"]
[White "Jordan, Georg"]
[Black "Lehmann, Robert"]
[Result "0-1"]
[WhiteElo "1250"]
[BlackElo "1551"]
[PlyCount "54"]
[EventDate "2006.08.26"]
[EventType "team"]
[EventRounds "7"]
[EventCountry "GER"]
[SourceTitle "EXT 2007"]
[Source "ChessBase"]
[SourceDate "2006.11.23"]
[SourceVersion "1"]
[SourceVersionDate "2006.11.23"]
[SourceQuality "1"]

1. e4 c6 2. d4 d5 3. Nc3 dxe4 4. Nxe4 Nf6 5. Ng3 g6 6. Nf3 Bg7 7. Bc4 Bg4 8. c3 Nbd7 9. Qd3 Nb6 10. Ne5 Nxc4 11. Nxg4 Nb6 12. Nxf6+ Bxf6 13. Bh6 Qd5 14. Ne4 Rg8 15. Nxf6+ exf6 16. 0-0 0-0-0 17. Qh3+ Qd7 18. Qf3 f5 19. Bg5 Rde8 20. b3 Re4 21. Rae1 Rge8 22. Re3 Nd5 23. Rxe4 Rxe4 24. Qh3 h5 25. Bd2 Qe6 26. Qf3 Re2 27. Rd1 Rxd2 0-1

[Event "GER North-chT U16"]
[Site "Magdeburg"]
[Date "2006.08.26"]
[Round "2.2"]
[White "Lehmann, Robert"]
[Black "Hingst, Silke"]
[Result "0-1"]
[WhiteElo "1551"]
[BlackElo "1447"]
[PlyCount "66"]
[EventDate "2006.08.26"]
[EventType "team"]
[EventRounds "7"]
[EventCountry "GER"]
[SourceTitle "EXT 2007"]
[Source "ChessBase"]
[SourceDate "2006.11.23"]
[SourceVersion "1"]
[SourceVersionDate "2006.11.23"]
[SourceQuality "1"]

1. c4 e6 2. Nc3 f5 3. d4 Nf6 4. Bg5 Be7 5. g3 0-0 6. Bg2 c6 7. Nf3 d5 8. c5 Bd7 9. 0-0 Be8 10. Ne5 Nbd7 11. Bf4 Ne4 12. Nxe4 fxe4 13. e3 Bg5 14. Nxd7 Bxd7 15. Bd6 Be7 16. Be5 Qe8 17. Qb3 Bc8 18. a4 Qh5 19. Qc2 Rf7 20. b4 Bf6 21. Bd6 e5 22. dxe5 Bxe5 23. Bxe5 Qxe5 24. Rad1 Bg4 25. Rd4 Qh5 26. Qa2 Raf8 27. b5 Be2 28. Re1 Rxf2 29. bxc6 bxc6 30. Rd2 Rxg2+ 31. Kxg2 Qf3+ 32. Kh3 Rf5 33. Rxd5 cxd5 0-1